Principles of Banking (Record no. 6639)

MARC details
005 - DATE AND TIME OF LATEST TRANSACTION
control field 20250710093440.0
020 ## - INTERNATIONAL STANDARD BOOK NUMBER
International Standard Book Number 978-9987-694-26-6
082 ## - DEWEY DECIMAL CLASSIFICATION NUMBER
Classification number 332.1 SAT
100 ## - MAIN ENTRY--PERSONAL NAME
Author name SATTA, A. T
245 ## - TITLE STATEMENT
Title Principles of Banking
250 ## - EDITION STATEMENT
Edition statement 2nd Ed.
260 ## - PUBLICATION, DISTRIBUTION, ETC.
Place of publication, distribution, etc. Dar es salaam
Name of publisher, distributor, etc. The Tanzania Institute of Bankers
Date of publication, distribution, etc. 2012.
300 ## - PHYSICAL DESCRIPTION
Extent iv, 327p
Other physical details Appendix
Dimensions 24 cm
942 ## - ADDED ENTRY ELEMENTS (KOHA)
Source of classification or shelving scheme Dewey Decimal Classification
Koha item type Books
Holdings
Date last seen Total checkouts Full call number Barcode Cost, replacement price Price effective from Koha item type Lost status Source of classification or shelving scheme Damaged status Not for loan Withdrawn status Home library Current library Shelving location Date acquired Source of acquisition Cost, normal purchase price
07/10/2025   332.1 SAT MZA0001945 90000.00 07/10/2025 Books   Dewey Decimal Classification       CBE Mwanza CBE Mwanza General Collection 07/10/2024 Donation 30000.00